000 00502nam a2200193Ia 4500
003 GCL
008 140319s9999 xx 000 0 eng d
040 _aGCL /
_cGCL
082 0 4 _a759
_bM P
100 1 _aMONSEL, PHILIPPE
245 1 0 _aPICABIA, 1897 - 1953E /
_cMONSEL, PHILIPPE
260 _a[S.N] :
_bCERCLE D' ART ،
_c1996
300 _a63 P
650 0 4 _aART, FRANCE
650 0 4 _aFRANCE - PAINTERS
650 0 4 _aART - PAINTING
650 0 4 _aPICABIA, FRANCIS 1879 - 1953
942 _2ddc
_cBK
999 _c14709
_d14709